Polandball - Statistics

General Stats
  • This quiz has been taken 376 times
    371 since last reset
  • The average score is 11 of 15
Answer Stats
Answer % Correct
Poland
98%
USA
89%
Russia
88%
Estonia
87%
Sweden
85%
UK
85%
Israel
84%
Romania
82%
Singapore
80%
Nepal
79%
Latvia
73%
Morocco
69%
Palestine
51%
Aland
43%
Somalia
41%
No matching quizzes found
Score Distribution
Percent of People with Each Score
Percentile by Number Answered
Your Score History
You have not taken this quiz since the last reset